000 01436nam a2200373Ia 4500
001 dia_31
003 CHAP
005 20221202133558.0
008 220117s1997 xx 000 0 und d
010 _a170463
020 _a970-18-0934-3 (v.1) \ 970-18-1880-6 (v.2) \ 970-18-2389-3 (v.3)
040 _cCHAP
082 _a664 T46 1997
110 _aInstituto Politécnico Nacional
_959426
245 _aTemas en técnologia de alimentos /
_c Instituto Politécnico Nacional
260 _aMéxico :
_b IPN :,
_b Alfaomega :,
_b CYTED,
_c1997
300 _a3 v.
503 _aI. 207345 (v.2) \ C/e (v.1 y 3)
505 _aLa biblioteca tiene: v.1 \ v.2 Fibra dietética \ v.3. Manual de conceptos para análisis sensorial de los alimentos y Manual de descriptores para análisis sensorial de alimentos
590 _aTX541 T46 1997
650 _aAlimentos
_xAnálisis
_94164
650 _aEvaluación sensorial de los alimentos
_9147007
650 _aFibras vegetales
_940703
650 _aFood industry
_xTechnology
_9147008
650 _aFood
_xAnalysis
_9147009
650 _aIndustria alimentaria
_xTecnología
_9147010
650 _aPlant fibers
_9147011
650 _aSensory evaluation
_9147012
710 _aInstituto Politécnico Nacional (México)
_959427
901 _a664 T46 1997
902 _aM
905 _a5232271997 MX amn 8222223322SPA16
942 _cLIBRO
_2ddc
999 _c170463
_d170463